El sistema educativo como ámbito laboral (Record no. 9983)

MARC details
000 -LEADER
campo de control de longitud fija 01372nam a2200361 a 4500
003 - IDENTIFICADOR DE NÚMERO DE CONTROL
campo de control AR-BaBNM
005 - FECHA Y HORA DE LA ÚLTIMA TRANSACCIÓN
campo de control 20251128205110.0
008 - DATOS DE LONGITUD FIJA--INFORMACIÓN GENERAL
campo de control de longitud fija 082120s2002 ||||||||||||||000 | spa||
040 ## - FUENTE DE CATALOGACIÓN
Centro/agencia transcriptor AR-BaBNM
245 00 - MENCIÓN DEL TÍTULO
Título El sistema educativo como ámbito laboral
250 ## - MENCION DE EDICION
Mención de edición 1ª ed.
260 ## - PUBLICACIÓN, DISTRIBUCIÓN, ETC.
Lugar de publicación, distribución, etc. Buenos Aires
Nombre del editor, distribuidor, etc. Universidad de Buenos Aires
Fecha de publicación, distribución, etc. 1995
300 ## - DESCRIPCIÓN FÍSICA
Extensión 168 p.
Otros detalles físicos tablas
490 #0 - MENCIÓN DE SERIE
Mención de serie CEA - CBC
500 ## - NOTA GENERAL
Nota general CEA: Centro de Estudios Avanzados de la Universidad de Buenos Aires
500 ## - NOTA GENERAL
Nota general C.B.C.: CICLO BASICO COMUN DE LA UNIVERSIDAD DE BUENOS AIRES
500 ## - NOTA GENERAL
Nota general PAITE: PROGRAMA DEL AREA DE INVESTIGACION SOBRE TRABAJO Y EMPLEO
500 ## - NOTA GENERAL
Nota general Las ponencias reunidas en este libro son las presentaciones realizadas durante el Seminario-Taller "El sistema educativo como ámbito laboral", organizado por el Programa del Area de Investigación sobre Trabajo y Empleo, los días 6 y 7 de junio de 1994 en
650 #4 - PUNTO DE ACCESO ADICIONAL DE MATERIA--TÉRMINO DE MATERIA
Término de materia o nombre geográfico como elemento de entrada EDUCACION Y EMPLEO
650 #4 - PUNTO DE ACCESO ADICIONAL DE MATERIA--TÉRMINO DE MATERIA
Término de materia o nombre geográfico como elemento de entrada CONDICIONES DE TRABAJO DEL DOCENTE
651 #4 - PUNTO DE ACCESO ADICIONAL DE MATERIA--NOMBRE GEOGRÁFICO
Nombre geográfico Argentina
653 ## - TÉRMINO DE INDIZACIÓN--NO CONTROLADO
Término no controlado SISTEMA EDUCATIVO
653 ## - TÉRMINO DE INDIZACIÓN--NO CONTROLADO
Término no controlado EDUCACION SUPERIOR
653 ## - TÉRMINO DE INDIZACIÓN--NO CONTROLADO
Término no controlado EDUCACION PRIMARIA
700 1# - ENTRADA AGREGADA--NOMBRE PERSONAL
Nombre de persona Frigerio, Graciela
700 1# - ENTRADA AGREGADA--NOMBRE PERSONAL
Nombre de persona Kornblit, Ana Lía
700 1# - ENTRADA AGREGADA--NOMBRE PERSONAL
Nombre de persona Llomovatte, Silvia
700 1# - ENTRADA AGREGADA--NOMBRE PERSONAL
Nombre de persona Mendizabal, Nora
700 1# - ENTRADA AGREGADA--NOMBRE PERSONAL
Nombre de persona Mignone, Emilio Fermín
700 1# - ENTRADA AGREGADA--NOMBRE PERSONAL
Nombre de persona Neffa, Julio César
942 ## - ELEMENTOS DE ENTRADA SECUNDARIOS (KOHA)
Tipo de ítem Koha Libros
998 ## - INFORMACIÓN DE CONTROL LOCAL (RLIN)
Iniciales del catalogador, CIN (RLIN) silvi
Holdings
Estatus retirado Estado de pérdida Fuente de la clasificación o esquema de estantería Estado de daño No para préstamo Biblioteca de origen Biblioteca actual Fecha de adquisición Total de préstamos Signatura topográfica completa Código de barras Visto por última vez Precio de reemplazo Tipo de ítem Koha
    Clasificación Decimal Dewey     Liberty Liberty 28/11/2025   377.3 FRI 102855 28/11/2025 28/11/2025 Libros
    Clasificación Decimal Dewey     Liberty Liberty 28/11/2025   377.3 FRI 102856 28/11/2025 28/11/2025 Libros
    Clasificación Decimal Dewey     Liberty Liberty 28/11/2025   377.3 FRI 102857 28/11/2025 28/11/2025 Libros